|
|
|
|
| LEADER |
00000nab a2200000 a 4500 |
| 001 |
vtls000388872 |
| 003 |
SK-MaSNL |
| 005 |
20260305021512.0 |
| 008 |
160215c1990 xo 0 slo |
| 015 |
|
|
|a SNBRB19rr/mm-uuuuu
|
| 035 |
|
|
|a CL0388996
|
| 040 |
|
|
|a SNKBUCL
|b slo
|c SNKBUCL
|e AACR2
|
| 041 |
0 |
|
|a slo
|
| 044 |
|
|
|a xo
|c SK
|
| 080 |
|
|
|a 32-051
|2 1981
|
| 080 |
|
|
|a 52-051
|2 1981
|
| 080 |
|
|
|a 355.33
|2 1981
|
| 080 |
|
|
|a 929 Štefánik, Milan Rastislav
|2 1981
|
| 100 |
1 |
|
|a Barica, Ján,
|d 1928-2005
|4 aut
|9 124168
|
| 245 |
1 |
0 |
|a Našiel svoju hviezdu... ČSR
|b Pred 110. rokmi sa narodil M. R. Štefánik
|c Ján Barica
|
| 300 |
|
|
|b Obr. 1.
|
| 600 |
1 |
7 |
|a Štefánik, Milan Rastislav,
|d 1880-1919
|2 snkbucl
|9 86219
|
| 655 |
|
7 |
|a články z novín a časopisov
|2 snkbucl
|9 267496
|
| 773 |
0 |
|
|t Elektrón
|g Roč. 18, č. 7 (1990), s. 41
|
| 850 |
|
|
|a Slovenská národná knižnica v Martine
|a MTA001
|
| 852 |
|
|
|a SNK
|b KIS3GCP
|
| 958 |
|
|
|a BX
|
| 958 |
|
|
|a RK
|
| 992 |
|
|
|a RBX
|
| 999 |
|
|
|c 3286450
|d 3288380
|